La investigación interdisciplinaria de la afasia

Uloženo v:
Podrobná bibliografie
Hlavní autoři: Peuser, Günter (Autor), Bonson, Ute (Autor), Braun, Renate (Autor), Elsholz, Martin (Autor), Engl, Eva María (Autor), Haberkamp, Heidrum (Autor), Jost, Christa (Autor), Kotten, Anneliese (Autor), Linck, Hans Alfred (Autor), Linke, Detlef (Autor), Mattes, Klaus (Autor), Ohlendorf, Ingeborg (Autor), Völker-Thomanek, Helga (Autor), Stockert, Theodor R. von (Autor)
Další autoři: List, Gudula (autora)
Médium: Kniha
Jazyk:španělština
Vydáno: Barcelona Paidós 1980
Edice:Biblioteca de Neurología y Conducta, 1
Témata:
Tagy: Přidat tag
Žádné tagy, Buďte první, kdo vytvoří štítek k tomuto záznamu!

MARC

LEADER 00000nam a2200000 a 4500
001 UCZ8476
003 CL-VaPUC
008 960121e19800000SP |||||||||||||||||spa|d
082 0 4 |a 371.914  |b PEU  |2 21 
100 0 |a Peuser, Günter  |e author  |9 353763 
700 0 |a Bonson, Ute  |e author  |9 353764 
700 0 |a Braun, Renate  |e author  |9 353765 
700 0 |a Elsholz, Martin  |e author  |9 353766 
700 0 |a Engl, Eva María  |e author  |9 353767 
700 0 |a Haberkamp, Heidrum  |e author  |9 353768 
700 0 |a Jost, Christa  |e author  |9 353769 
700 0 |a Kotten, Anneliese  |e author  |9 353770 
700 0 |a Linck, Hans Alfred  |e author  |9 353771 
700 0 |a Linke, Detlef  |e author  |9 353772 
700 |a List, Gudula  |e autora  |9 353773 
700 0 |a Mattes, Klaus  |e author  |9 353774 
700 0 |a Ohlendorf, Ingeborg  |e author  |9 353775 
700 0 |a Völker-Thomanek, Helga  |e author  |9 353776 
700 0 |a Stockert, Theodor R. von  |e author  |9 353777 
245 1 3 |a La investigación interdisciplinaria de la afasia 
300 |a 164 p 
942 |c BK 
945 |d 19960121 00:00:00  |a cmena 
260 |a Barcelona  |b Paidós  |c 1980 
650 0 |a Afasia  |9 310673 
650 0 |a Trastornos del lenguaje  |9 336278 
650 0 |a Música  |9 306269 
650 0 |a Investigación educacional   |9 261192 
650 0 |a Tests psicológicos  |9 308644 
650 0 |a Terapia  |9 334442 
650 0 |a Atención médica  |9 337119 
650 0 |a Niños  |9 255605 
583 |a last modification  |c 19960121 00:00:00  |k Rodrigo Vera 
490 0 |a Biblioteca de Neurología y Conducta, 1 
999 |c 244366  |d 244364 
952 |0 0  |1 0  |4 0  |6 371_914000000000000_PEU_1980  |7 0  |8 A  |9 258405  |a BIBEDU  |b BIBEDU  |c ES_NOD  |d 2019-11-19  |i 1614177  |o 371.914 PEU 1980  |p 1614177  |r 2023-08-09  |w 2019-11-19  |y BK  |k EDU